000 00272nam a2200121Ia 4500
005 20251222141808.0
008 251222s9999||||xx |||||||||||||| ||spa||
082 _a922.23/H19
100 _aHamant, Yves
245 0 _aAleksandr Men:
264 _bEdicione R.C.
942 _cLIB
999 _c6369
_d6369